000 00592nmm a2200169Ia 4500
008 251105s9999||||xx |||||||||||||||||und||
020 _a9788471125347
041 _aspa
100 _aArnot, Madeleine
245 0 _aCoeducando para una ciudadanía en igualdad :
_b Compromisos con las agendas globales y nacionales
264 _a[Madrid, España] :
_bMinisterio de Educación, Cultura y Deporte de España,
_c2009
300 _a303 páginas
490 _aMinisterio de Educación y Ciencia
650 _aEducation
856 _uhttps://public.digitaliapublishing.com/a/1435
942 _cCF
999 _c84774
_d84774